Foreign trade review : (Record no. 39674)
[ view plain ]
| 000 -LEADER | |
|---|---|
| fixed length control field | 01965cas a2200517 a 4500 |
| 001 - CONTROL NUMBER | |
| control field | 11158837 |
| 003 - CONTROL NUMBER IDENTIFIER | |
| control field | OSt |
| 005 - DATE AND TIME OF LATEST TRANSACTION | |
| control field | 20240830144449.0 |
| 008 - FIXED-LENGTH DATA ELEMENTS--GENERAL INFORMATION | |
| fixed length control field | 751101c19669999ii qr p 0 a0eng |
| 010 ## - LIBRARY OF CONGRESS CONTROL NUMBER | |
| LC control number | sa 66006369 |
| 016 ## - NATIONAL BIBLIOGRAPHIC AGENCY CONTROL NUMBER | |
| Record control number | (AMICUS)000000863411 |
| 022 ## - INTERNATIONAL STANDARD SERIAL NUMBER | |
| International Standard Serial Number | 0015-7325 |
| ISSN-L | 0015-7325 |
| Source | 0 |
| 025 ## - OVERSEAS ACQUISITION NUMBER | |
| Overseas acquisition number | PL 480:I-D-E-754 |
| 035 ## - SYSTEM CONTROL NUMBER | |
| System control number | (OCoLC)ocm01774331 |
| 040 ## - CATALOGING SOURCE | |
| Original cataloging agency | DLC |
| Language of cataloging | eng |
| Transcribing agency | MUL |
| Modifying agency | YUS |
| -- | COO |
| -- | DLC |
| -- | AIP |
| -- | NSD |
| -- | DLC |
| -- | NSD |
| -- | NST |
| -- | OCLCQ |
| -- | NYDWH |
| -- | OCLCQ |
| -- | OCLCF |
| -- | IUL |
| -- | OCLCO |
| -- | NLC |
| -- | OCLCQ |
| -- | GILDS |
| -- | OCLCA |
| -- | OCLCO |
| -- | OCLCQ |
| -- | RDF |
| -- | ZAS |
| -- | OCLCO |
| -- | DLC |
| -- | OCLCQ |
| -- | OCLCL |
| 042 ## - AUTHENTICATION CODE | |
| Authentication code | pcc |
| -- | nsdp |
| 043 ## - GEOGRAPHIC AREA CODE | |
| Geographic area code | a-ii--- |
| 050 00 - LIBRARY OF CONGRESS CALL NUMBER | |
| Classification number | HF41 |
| Item number | .F65 |
| 082 04 - DEWEY DECIMAL CLASSIFICATION NUMBER | |
| Classification number | 382/.0954/005 |
| Edition number | 19 |
| 210 0# - ABBREVIATED TITLE | |
| Abbreviated title | Foreign trade rev. |
| 222 #0 - KEY TITLE | |
| Key title | Foreign trade review |
| 245 00 - TITLE STATEMENT | |
| Title | Foreign trade review : |
| Remainder of title | quarterly journal of the Indian Institute of Foreign Trade. |
| 260 ## - PUBLICATION, DISTRIBUTION, ETC. | |
| Place of publication, distribution, etc. | New Delhi : |
| Name of publisher, distributor, etc. | Sage |
| 300 ## - PHYSICAL DESCRIPTION | |
| Extent | volumes : |
| Other physical details | illustrations ; |
| Dimensions | 26 cm |
| 310 ## - CURRENT PUBLICATION FREQUENCY | |
| Current publication frequency | Quarterly |
| 336 ## - CONTENT TYPE | |
| Content type term | text |
| Content type code | txt |
| Source | rdacontent |
| 337 ## - MEDIA TYPE | |
| Media type term | unmediated |
| Media type code | n |
| Source | rdamedia |
| 338 ## - CARRIER TYPE | |
| Carrier type term | volume |
| Carrier type code | nc |
| Source | rdacarrier |
| 362 1# - DATES OF PUBLICATION AND/OR SEQUENTIAL DESIGNATION | |
| Dates of publication and/or sequential designation | Began with: Vol. 1 (Apr./June 1966). |
| 588 ## - SOURCE OF DESCRIPTION NOTE | |
| Source of description note | Description based on: Vol. 9, no. 4 (Jan./Mar. 1975); title from cover. |
| 588 ## - SOURCE OF DESCRIPTION NOTE | |
| Source of description note | Latest issue consulted: Jan.-Mar. 1984 (surrogate). |
| 590 ## - LOCAL NOTE (RLIN) | |
| Local note | SERBIB/SERLOC merged record |
| 650 #7 - SUBJECT ADDED ENTRY--TOPICAL TERM | |
| Topical term or geographic name entry element | Commerce. |
| Source of heading or term | fast |
| Authority record control number or standard number | (OCoLC)fst00869279 |
| 650 #7 - SUBJECT ADDED ENTRY--TOPICAL TERM | |
| Topical term or geographic name entry element | FOREIGN TRADE. |
| Source of heading or term | unbist |
| 650 #7 - SUBJECT ADDED ENTRY--TOPICAL TERM | |
| Topical term or geographic name entry element | INDIA. |
| Source of heading or term | unbist |
| 651 #0 - SUBJECT ADDED ENTRY--GEOGRAPHIC NAME | |
| Geographic name | India |
| General subdivision | Commerce |
| Form subdivision | Periodicals. |
| 651 #7 - SUBJECT ADDED ENTRY--GEOGRAPHIC NAME | |
| Geographic name | India. |
| Source of heading or term | fast |
| Authority record control number or standard number | (OCoLC)fst01210276 |
| Real World Object URI | https://id.oclc.org/worldcat/entity/E39PBJmdx47cDXrRhBXHtbvPwC |
| 655 #7 - INDEX TERM--GENRE/FORM | |
| Genre/form data or focus term | Periodicals. |
| Source of term | fast |
| Authority record control number or standard number | (OCoLC)fst01411641 |
| 655 #7 - INDEX TERM--GENRE/FORM | |
| Genre/form data or focus term | Periodicals. |
| Source of term | lcgft |
| 710 2# - ADDED ENTRY--CORPORATE NAME | |
| Corporate name or jurisdiction name as entry element | Indian Institute of Foreign Trade. |
| 776 08 - ADDITIONAL PHYSICAL FORM ENTRY | |
| Relationship information | Online version: |
| Title | Foreign trade review |
| International Standard Serial Number | 0971-7625 |
| Record control number | (DLC) 2020207513 |
| -- | (OCoLC)613776580 |
| 906 ## - LOCAL DATA ELEMENT F, LDF (RLIN) | |
| a | 7 |
| b | cbc |
| c | serials |
| d | 3 |
| e | ncip |
| f | 19 |
| g | n-oclcserc |
| 942 ## - ADDED ENTRY ELEMENTS (KOHA) | |
| Source of classification or shelving scheme | Dewey Decimal Classification |
| Koha item type | Journals |
| Serial record | 1 |
| Withdrawn status | Lost status | Source of classification or shelving scheme | Damaged status | Not for loan | Home library | Current library | Date acquired | Total Checkouts | Full call number | Date last seen | Price effective from | Koha item type |
|---|---|---|---|---|---|---|---|---|---|---|---|---|
| Dewey Decimal Classification | NASSDOC Library | NASSDOC Library | 27/08/2024 | 382/.0954/005 | 27/08/2024 | 27/08/2024 | Journals |
